[Event "Social Open 2024/1"]
[Site "SchemingMind.com"]
[Date "2024.01.02"]
[Round "-"]
[White "Derek Price"]
[Black "CLewis73"]
[Result "1-0"]
[WhiteCountry "ENG"]
[BlackCountry "ENG"]
[WhiteElo "2349"]
[WhiteRD "70"]
[BlackElo "1762"]
[BlackRD "141"]
[GameID "740818"]

1. c4 d6 2. d4 Nf6 3. Nf3 Bg4 4. e3 Nbd7 5. h3 Bxf3 6. Qxf3 c6 7. Nc3 e5 8. Bd2 Be7 9. g4 h6 10. h4 Qc7
11. Be2 a5 12. O-O-O d5 13. g5 e4 14. Qg2 hxg5 15. hxg5 Rxh1 16. Rxh1 Ng8 17. Kb1 dxc4 18. Qxe4 b5 19. Nxb5 Qb6 20. Nd6+ Kf8
21. Qf4 f6 22. Bxc4 Rb8 23. Bc3 Qc7 24. Rh8 Bxd6 25. Rxg8+ Ke7 26. Qe4+ Be5 27. Rxg7+
1-0

[Event "Social Open 2024/1"]
[Site "SchemingMind.com"]
[Date "2024.01.02"]
[Round "-"]
[White "Derek Price"]
[Black "MazetaFighter"]
[Result "1-0"]
[WhiteCountry "ENG"]
[BlackCountry "GRE"]
[WhiteElo "2345"]
[WhiteRD "69"]
[BlackElo "2147"]
[BlackRD "76"]
[GameID "740819"]

1. c4 Nf6 2. g3 e6 3. Bg2 c5 4. Nf3 Nc6 5. O-O Be7 6. d4 d5 7. cxd5 exd5 8. Nc3 O-O 9. Bg5 cxd4 10. Nxd4 h6
11. Be3 Re8 12. a3 Be6 13. Rc1 Qd7 14. Nxe6 fxe6 15. Bh3 Bf8 16. Bd4 Nxd4 17. Qxd4 Bd6 18. e4 dxe4 19. Nxe4 Nxe4 20. Qxe4 Qe7
21. Rfe1 e5 22. Bf1 Rac8 23. Rxc8 Rxc8 24. Bc4+ Kh8 25. Bd3 Kg8 26. Qh7+ Kf7 27. Qf5+
1-0

[Event "Social Open 2024/1"]
[Site "SchemingMind.com"]
[Date "2024.01.02"]
[Round "-"]
[White "Phillip Beckett"]
[Black "Derek Price"]
[Result "0-1"]
[WhiteCountry "ENG"]
[BlackCountry "ENG"]
[WhiteElo "1499"]
[WhiteRD "52"]
[BlackElo "2349"]
[BlackRD "70"]
[GameID "740820"]

1. e4 c5 2. Nf3 d6 3. d4 cxd4 4. Nxd4 Nf6 5. Nc3 a6 6. Bg5 e6 7. f4 Be7 8. Qf3 Qc7 9. O-O-O Nbd7 10. g4 b5
11. Bxf6 Nxf6 12. g5 Nd7 13. a3 Rb8 14. Bh3 Nc5 15. Nf5 exf5 16. Nd5 Qd8 17. exf5 Bb7 18. Rhe1 Bxd5 19. Qxd5 O-O 20. f6 gxf6
21. Rg1 fxg5 22. fxg5 b4 23. axb4 Rxb4 24. g6 Rb5 25. gxh7+ Kh8 26. Rg8+ Rxg8 27. hxg8=Q+ Kxg8 28. Rg1+ Kf8 29. Qh5 Nb3+ 30. cxb3 Rxh5
0-1

[Event "Social Open 2024/1"]
[Site "SchemingMind.com"]
[Date "2024.01.02"]
[Round "-"]
[White "Chessibelle"]
[Black "Derek Price"]
[Result "0-1"]
[WhiteCountry "ENG"]
[BlackCountry "ENG"]
[WhiteElo "1055"]
[WhiteRD "56"]
[BlackElo "2349"]
[BlackRD "70"]
[GameID "740821"]

1. Nf3 Nf6 2. h3 b6 3. d4 Bb7 4. e3 e6 5. Bd2 Be7 6. Be2 O-O 7. O-O d5 8. c3 c5 9. Qc2 Nc6 10. Qd3 Bd6
11. Bd1 Re8 12. Bc2 e5 13. Ng5 e4 14. Qe2 h6 15. Nf3 exf3 16. Qxf3 Rc8 17. Qe2 cxd4 18. Qd3 dxe3 19. fxe3 Ne4 20. Be1 Ne5
21. Qe2 Qg5 22. Nd2 Nxd2 23. Bxd2 Nc4 24. e4 Nxd2 25. Rfd1 Nxe4 26. a3 Qg3 27. Rf1 Qh2#
0-1

[Event "Social Open 2024/1"]
[Site "SchemingMind.com"]
[Date "2024.01.02"]
[Round "-"]
[White "Derek Price"]
[Black "Arnold Jones"]
[Result "1-0"]
[WhiteCountry "ENG"]
[BlackCountry "ENG"]
[WhiteElo "2349"]
[WhiteRD "70"]
[BlackElo "1524"]
[BlackRD "67"]
[GameID "740822"]

1. c4 e5 2. Nc3 f5 3. g3 Nf6 4. Bg2 e4 5. d3 Bb4 6. Bd2 exd3 7. exd3 Qe7+ 8. Nge2 Bc5 9. O-O c6 10. d4 Bb6
11. Re1 d5 12. Nf4 Ne4 13. cxd5 Bxd4 14. Nxe4 Be5 15. d6 Qd8 16. Qh5+ g6 17. Nxg6 Bg7 18. Ne5+ Kf8 19. Qf7#
1-0

[Event "Social Open 2024/1"]
[Site "SchemingMind.com"]
[Date "2024.01.03"]
[Round "-"]
[White "mattkirk78"]
[Black "Derek Price"]
[Result "1/2-1/2"]
[WhiteCountry "ENG"]
[BlackCountry "ENG"]
[WhiteElo "2237"]
[WhiteRD "84"]
[BlackElo "2345"]
[BlackRD "69"]
[GameID "740823"]

1. e4 c5 2. Nf3 d6 3. d4 cxd4 4. Nxd4 Nf6 5. Nc3 a6 6. Bg5 e6 7. f4 Be7 8. Qf3 Qc7 9. O-O-O Nbd7 10. g4 b5
11. Bxf6 Nxf6 12. g5 Nd7 13. a3 Rb8 14. Bh3 Nc5 15. b4 Na4 16. Rd3 Bd7 17. f5 Bxg5+ 18. Kb1 O-O 19. Nxa4 bxa4 20. fxe6 fxe6
21. Qg2 Qa5 22. Bxe6+ Bxe6 23. Nxe6 Rxb4+ 24. axb4 Qxb4+ 25. Ka1 Bf6+ 26. c3 Bxc3+ 27. Rxc3 Qxc3+= 28. Qb2 Qxb2+ 29. Kxb2 Re8 30. Nc7 Rxe4
31. Nxa6 Re3 32. h4 Kf7 33. Rf1+ Kg6 34. Rg1+ Kf6 35. Rf1+ Kg6 36. Nc7 Re4 37. Rd1 Rxh4 38. Rxd6+ Kf5 39. Rd5+ Ke4 40. Rg5 g6
41. Ne6=
1/2-1/2

[Event "Social Open 2024/1"]
[Site "SchemingMind.com"]
[Date "2024.01.03"]
[Round "-"]
[White "MazetaFighter"]
[Black "CLewis73"]
[Result "1-0"]
[WhiteCountry "GRE"]
[BlackCountry "ENG"]
[WhiteElo "2141"]
[WhiteRD "84"]
[BlackElo "1762"]
[BlackRD "141"]
[GameID "740824"]

1. e4 d6 2. d4 Nf6 3. Nc3 g6 4. Be3 Bg7 5. Qd2 Ng4 6. Bg5 h6 7. Bh4 O-O 8. O-O-O Nd7 9. h3 Ngf6 10. e5 dxe5
11. dxe5 Nh7 12. f4 b6 13. Nf3 Bb7 14. Qxd7
1-0

[Event "Social Open 2024/1"]
[Site "SchemingMind.com"]
[Date "2024.01.01"]
[Round "-"]
[White "Phillip Beckett"]
[Black "MazetaFighter"]
[Result "0-1"]
[WhiteCountry "ENG"]
[BlackCountry "GRE"]
[WhiteElo "1499"]
[WhiteRD "52"]
[BlackElo "2141"]
[BlackRD "84"]
[GameID "740825"]

1. e4 e5 2. Nf3 Nc6 3. Bb5 a6 4. Ba4 Nf6 5. O-O Nxe4 6. Qe2 Nc5 7. Bxc6 dxc6 8. Qxe5+ Ne6 9. Re1 Be7 10. c3 O-O
11. d4 Re8 12. Nbd2 f6 13. Qe2 Nf4 14. Qe4 Ng6 15. Qd3 Bd7 16. Nf1 Bd6 17. Bd2 Rxe1 18. Rxe1 Qf8 19. Ne3 Qf7 20. Nc2 Qxa2
21. Bc1 Qd5 22. Qe4 Qxe4 23. Rxe4 Bf5 24. Re2 Bd3 25. Rd2 Nf4 26. g3 Ne2+ 27. Kg2 Nxc1 28. Rd1 Bxc2 29. Rxc1 Be4
0-1

[Event "Social Open 2024/1"]
[Site "SchemingMind.com"]
[Date "2024.01.01"]
[Round "-"]
[White "CLewis73"]
[Black "Phillip Beckett"]
[Result "1-0"]
[WhiteCountry "ENG"]
[BlackCountry "ENG"]
[WhiteElo "1762"]
[WhiteRD "141"]
[BlackElo "1499"]
[BlackRD "52"]
[GameID "740826"]

1. Nf3 Nf6 2. d4 g6 3. Nc3 d6 4. Bg5 Bg7 5. Qd2 O-O 6. O-O-O Nbd7 7. e4 c6 8. e5 dxe5 9. dxe5 Ne8 10. e6 fxe6
11. Bc4 Nef6 12. Bxe6+ Kh8 13. Bxf6 exf6 14. Bxd7 Bxd7 15. Qxd7 Qxd7 16. Rxd7
1-0

[Event "Social Open 2024/1"]
[Site "SchemingMind.com"]
[Date "2024.01.01"]
[Round "-"]
[White "Arthur Wilding"]
[Black "CLewis73"]
[Result "0-1"]
[WhiteCountry "WLS"]
[BlackCountry "ENG"]
[WhiteElo "1128"]
[WhiteRD "62"]
[BlackElo "1762"]
[BlackRD "141"]
[GameID "740827"]

1. d4 d6 2. e3 Nf6 3. Nc3 g6 4. Bb5+ c6 5. Bd3 Bg7 6. Nf3 O-O 7. O-O Bg4 8. Be2 Nbd7 9. Nd2 Bxe2 10. Qxe2 e5
11. dxe5 dxe5 12. Nde4 Qc7 13. Bd2 Rad8 14. b3 h6 15. Rab1 Nxe4 16. Nxe4 f5 17. Nc3 Nb6 18. Na4 Nxa4 19. Qc4+ Kh7 20. Bb4 Rf7
21. bxa4 Rfd7 22. Rfd1 Rxd1+ 23. Be1 Rxb1 24. Kf1 Rdd1 25. Qe2 Rxe1+ 26. Qxe1 Rxe1+ 27. Kxe1 Qa5+
0-1

[Event "Social Open 2024/1"]
[Site "SchemingMind.com"]
[Date "2024.01.02"]
[Round "-"]
[White "Arthur Wilding"]
[Black "Derek Price"]
[Result "0-1"]
[WhiteCountry "WLS"]
[BlackCountry "ENG"]
[WhiteElo "1128"]
[WhiteRD "62"]
[BlackElo "2349"]
[BlackRD "70"]
[GameID "740828"]

1. d4 d5 2. e3 Nf6 3. Nc3 e6 4. Nf3 a6 5. Bd3 c5 6. dxc5 Nbd7 7. Na4 Nxc5 8. Nxc5 Bxc5 9. O-O Qe7 10. a3 e5
11. Be2 O-O 12. b4 Bd6 13. Bb2 Rd8 14. c3 e4 15. Nd2 Qe5 16. g3 Bh3 17. Re1 b5 18. Bf1 Bd7 19. Be2 Rac8 20. Rb1 Qg5
21. h4 Qg6 22. Nf1 Bh3 23. Nh2 Bxg3 24. Ng4 Bxh4 25. Kh1 Nxg4 26. Bxg4 Bxg4 27. Qd2 Bf3+ 28. Kh2 Qg2#
0-1

[Event "Social Open 2024/1"]
[Site "SchemingMind.com"]
[Date "2024.01.01"]
[Round "-"]
[White "Arthur Wilding"]
[Black "MazetaFighter"]
[Result "0-1"]
[WhiteCountry "WLS"]
[BlackCountry "GRE"]
[WhiteElo "1128"]
[WhiteRD "62"]
[BlackElo "2141"]
[BlackRD "84"]
[GameID "740829"]

1. d4 d5 2. e3 Nf6 3. Nc3 Bf5 4. Nf3 e6 5. Bb5+ c6 6. Bd2 cxb5 7. O-O b4 8. Ne2 Nc6 9. c3 Bd6 10. a3 bxa3
11. bxa3 O-O 12. Nh4 Bd3 13. Re1 Ne4 14. Nf3 g5 15. Nc1 Bc4 16. a4 Qf6 17. Rb1 b6 18. Ne2 g4 19. Nf4 gxf3 20. g3 Bxf4
21. exf4 Be2 22. Rxe2 fxe2 23. Qxe2 Kh8 24. Rd1 Qg6 25. c4 Nxd4
0-1

[Event "Social Open 2024/1"]
[Site "SchemingMind.com"]
[Date "2024.01.01"]
[Round "-"]
[White "Phillip Beckett"]
[Black "Arthur Wilding"]
[Result "1-0"]
[WhiteCountry "ENG"]
[BlackCountry "WLS"]
[WhiteElo "1499"]
[WhiteRD "52"]
[BlackElo "1128"]
[BlackRD "62"]
[GameID "740830"]

1. e4 e6 2. d4 d5 3. Nd2 Nf6 4. exd5 exd5 5. Ngf3 c6 6. Bd3 Bd6 7. O-O Bg4 8. Re1+ Be7 9. h3 Bxf3 10. Nxf3 O-O
11. c3 h6 12. Ne5 Nbd7 13. f4 Nxe5 14. fxe5 Nd7 15. Qg4 g6 16. Bxg6 Bg5 17. Bxg5 Qxg5 18. Qxg5 hxg5 19. Bc2 Kh8 20. e6 fxe6
21. Rxe6 Rae8 22. Rae1 Rxe6 23. Rxe6 Kg7 24. Re7+ Rf7 25. Rxf7+ Kxf7 26. Kf2 Kf6 27. g3 c5 28. Kf3 cxd4 29. cxd4 b6 30. h4 gxh4
31. gxh4 Kg7 32. Kf4 Nf6 33. Kg5 Nh7+ 34. Bxh7 Kxh7 35. Kf5 a5 36. Ke5 b5 37. Kxd5 b4 38. Kc5
1-0

[Event "Social Open 2024/1"]
[Site "SchemingMind.com"]
[Date "2024.01.01"]
[Round "-"]
[White "Chessibelle"]
[Black "Arthur Wilding"]
[Result "0-1"]
[WhiteCountry "ENG"]
[BlackCountry "WLS"]
[WhiteElo "1055"]
[WhiteRD "56"]
[BlackElo "1128"]
[BlackRD "62"]
[GameID "740831"]

1. Nf3 Nc6 2. a3 e5 3. g3 d6 4. e4 Bg4 5. Be2 Nf6 6. Nc3 Be7 7. O-O O-O 8. b4 Bxf3 9. Bxf3 Nd4 10. Bg2 b6
11. h3 Rb8 12. f4 exf4 13. gxf4 Re8 14. d3 a5 15. Bb2 Nh5 16. Qxh5 axb4 17. e5 bxc3 18. Bc1 dxe5 19. fxe5 Nxc2 20. Ra2 Nd4
21. Be4 g6 22. Qd1 Bc5 23. Kg2 Rxe5 24. Re1 Nf5 25. Qb3 Nd4 26. Kh2 Nxb3
0-1

[Event "Social Open 2024/1"]
[Site "SchemingMind.com"]
[Date "2024.01.01"]
[Round "-"]
[White "Arthur Wilding"]
[Black "Arnold Jones"]
[Result "0-1"]
[WhiteCountry "WLS"]
[BlackCountry "ENG"]
[WhiteElo "1128"]
[WhiteRD "62"]
[BlackElo "1524"]
[BlackRD "67"]
[GameID "740832"]

1. d4 Nf6 2. e3 e6 3. Nc3 Nc6 4. Nf3 Bb4 5. Bd2 O-O 6. Bd3 Bxc3 7. Bxc3 Nd5 8. O-O f5 9. Qd2 Qe7 10. Bb5 Ndb4
11. Bxc6 Nxc6 12. Rfe1 d5 13. a3 Bd7 14. Ne5 Nxe5 15. dxe5 c5 16. b4 b6 17. bxc5 bxc5 18. f4 Bc6 19. Qe2 a6 20. Bb2 Ba4
21. Rac1 c4 22. c3 Rab8 23. Rb1 Rb3 24. Rf1 g6 25. Qf3 Rfb8 26. Rf2 R8b6 27. g3 Bc6 28. Qd1 Qb7 29. h4 Rxb2 30. Rbxb2 Rxb2
31. Kg2 d4+ 32. Kh2 Rxf2+ 33. Kh3 Bg2+ 34. Kh2 Bf3+ 35. Kg1 Bxd1 36. Kxf2 Qf3+
0-1

[Event "Social Open 2024/1"]
[Site "SchemingMind.com"]
[Date "2024.01.03"]
[Round "-"]
[White "mattkirk78"]
[Black "Arthur Wilding"]
[Result "1-0"]
[WhiteCountry "ENG"]
[BlackCountry "WLS"]
[WhiteElo "2234"]
[WhiteRD "89"]
[BlackElo "1128"]
[BlackRD "62"]
[GameID "740833"]

1. e4 e6 2. d4 d5 3. Nc3 Bb4 4. e5 Ne7 5. a3 Bxc3+ 6. bxc3 Nbc6 7. Nf3 O-O 8. Bd3 b6 9. O-O Ng6 10. Bg5 Qd7
11. Qd2 a5 12. h4 Nce7 13. h5 Nh8 14. h6 g6 15. Bf6 Ba6 16. Bxa6 Rxa6 17. Qg5 Nc8 18. Bxh8 f5 19. Bg7 Rf7 20. Qh4 Ne7
21. Ng5 Ra8 22. Nxf7 Nc6 23. Ng5 Ne7 24. Nh3 Qe8 25. Qf6 Qf7 26. Ng5 Qxf6 27. exf6 Re8 28. f7#
1-0

[Event "Social Open 2024/1"]
[Site "SchemingMind.com"]
[Date "2024.01.02"]
[Round "-"]
[White "eliecercruzr"]
[Black "Arthur Wilding"]
[Result "1-0"]
[WhiteCountry "CUB"]
[BlackCountry "WLS"]
[WhiteElo "2292"]
[WhiteRD "59"]
[BlackElo "1128"]
[BlackRD "62"]
[GameID "740834"]

1. e4 e6 2. d4 d5 3. Nc3 Bb4 4. e5 Ne7 5. Bd2 O-O 6. Bd3 Ng6 7. h4 Nc6 8. h5 Nge7 9. h6 g6 10. Qg4 Nf5
11. Nf3 Bxc3 12. bxc3 b6 13. Bg5 Qd7 14. Qf4 a5 15. g4 Nfe7 16. Qf6
1-0

[Event "Social Open 2024/1"]
[Site "SchemingMind.com"]
[Date "2024.01.01"]
[Round "-"]
[White "CLewis73"]
[Black "Chessibelle"]
[Result "1-0"]
[WhiteCountry "ENG"]
[BlackCountry "ENG"]
[WhiteElo "1762"]
[WhiteRD "141"]
[BlackElo "1055"]
[BlackRD "56"]
[GameID "740835"]

1. Nf3 Nc6 2. d4 d5 3. c4 Nf6 4. Bg5 e6 5. Nc3 a6 6. e3 Be7 7. Be2 h6 8. Bf4 O-O 9. O-O Nh7 10. h3 f6
11. cxd5 exd5 12. e4 Be6 13. a3 g5 14. Bh2 f5 15. exf5 Bxf5 16. Bd3 b5 17. Re1 Na7 18. Re5 Qd7 19. Rxd5 Qe6 20. Bxf5 Rxf5
21. Rxf5 Qxf5 22. Bxc7 Rc8 23. Be5 Nc6 24. Qb3+ Kf8 25. a4 h5 26. axb5 Nd8 27. bxa6 Ra8 28. a7 Nc6 29. Qb7 Nd8 30. Qxa8 g4
31. Qxd8+ Bxd8 32. a8=Q Qd7 33. Ra7 Qe8 34. Bg7+ Kg8 35. Qd5+
1-0

[Event "Social Open 2024/1"]
[Site "SchemingMind.com"]
[Date "2024.01.03"]
[Round "-"]
[White "MazetaFighter"]
[Black "Chessibelle"]
[Result "1-0"]
[WhiteCountry "GRE"]
[BlackCountry "ENG"]
[WhiteElo "2141"]
[WhiteRD "84"]
[BlackElo "1055"]
[BlackRD "56"]
[GameID "740836"]

1. e4 e5 2. Nf3 Nc6 3. Bb5 Nge7 4. c3 d6 5. d4 Bd7 6. O-O a6 7. Ba4 g6 8. dxe5 dxe5 9. Be3 Bg7 10. Bc5 Bf6
11. Qd3 O-O 12. Rd1 b5 13. Bb3 Kg7 14. Qxd7 Qb8 15. Bxe7 Nxe7 16. Na3 Qb6 17. Qd3 Nc6 18. Qe2 h5 19. Bd5 Rab8 20. Nc2 Qb7
21. Nb4 Qb6 22. Nxc6 Rbc8 23. Ncxe5 Qd6 24. Bb7 Qe6 25. Bxc8 Rxc8 26. Nd3 Be7 27. Nf4 Qg4 28. Qe3 Rb8 29. h3 Qc8 30. Nd5 Bd6
31. Qd4+ Kf8 32. Qh8#
1-0

[Event "Social Open 2024/1"]
[Site "SchemingMind.com"]
[Date "2024.01.01"]
[Round "-"]
[White "Chessibelle"]
[Black "Phillip Beckett"]
[Result "0-1"]
[WhiteCountry "ENG"]
[BlackCountry "ENG"]
[WhiteElo "1055"]
[WhiteRD "56"]
[BlackElo "1499"]
[BlackRD "52"]
[GameID "740837"]

1. Nf3 Nf6 2. h3 g6 3. d4 d6 4. e3 Bg7 5. b3 O-O 6. Be2 Nbd7 7. Nc3 c6 8. Bd2 d5 9. O-O Qc7 10. Bd3 e5
11. Ng5 e4 12. Be2 h6 13. f3 hxg5 14. g4 exf3 15. Bxf3 Nb6 16. Re1 Nh7 17. Bg2 f5 18. Ne2 fxg4 19. Rf1 gxh3 20. Bh1 Rxf1+
21. Qxf1 Be6 22. Qf2 g4 23. e4 Rf8 24. Qh4 dxe4 25. Bxe4 Bf6 26. Qh6 Qg7 27. Qe3 Bg5 28. Qd3 Bxd2 29. Qxd2 Bd5 30. Bd3 Qf6
31. Ng3 Qf3 32. Kh2 Qf2+ 33. Qxf2 Rxf2+
0-1

[Event "Social Open 2024/1"]
[Site "SchemingMind.com"]
[Date "2024.01.02"]
[Round "-"]
[White "Arnold Jones"]
[Black "CLewis73"]
[Result "0-1"]
[WhiteCountry "ENG"]
[BlackCountry "ENG"]
[WhiteElo "1524"]
[WhiteRD "67"]
[BlackElo "1762"]
[BlackRD "141"]
[GameID "740838"]

1. d4 d6 2. Nf3 g6 3. c4 Bg7 4. e4 Nf6 5. Nc3 Bg4 6. Bd3 Nbd7 7. Be3 O-O 8. h3 Bxf3 9. gxf3 c5 10. d5 Ne5
11. Be2 Qb6 12. Qc2 Rae8 13. f4 Ned7 14. Na4 Qc7 15. O-O-O h5 16. h4 Rb8 17. b3 a6 18. Nb2 b5 19. Qd2 Nxe4 20. Qc2 Nc3
21. Rdg1 Nxa2+ 22. Kb1 Nc3+ 23. Kc1 bxc4 24. Bxc4 Qa5 25. Na4 Nxa4 26. bxa4 Rb2 27. Qd3 Qxa4 28. Qb1 Qxc4+
0-1

[Event "Social Open 2024/1"]
[Site "SchemingMind.com"]
[Date "2024.01.02"]
[Round "-"]
[White "Arnold Jones"]
[Black "MazetaFighter"]
[Result "0-1"]
[WhiteCountry "ENG"]
[BlackCountry "GRE"]
[WhiteElo "1535"]
[WhiteRD "68"]
[BlackElo "2147"]
[BlackRD "76"]
[GameID "740839"]

1. d4 Nf6 2. c4 e6 3. a3 c5 4. Nf3 cxd4 5. b4 a5 6. b5 d6 7. a4 e5 8. Bg5 Nbd7 9. Nbd2 Be7 10. Qc2 h6
11. Bxf6 Bxf6 12. Ne4 Be7 13. Ng3 Nc5 14. e4 O-O 15. Bd3 Bg4 16. Nd2 Bg5 17. Nb1 Nxd3+ 18. Qxd3 g6 19. f3 Be6 20. O-O Rc8
21. Na3 h5 22. Rfd1 h4 23. Nf1 h3 24. g3 f5 25. Ra2 fxe4 26. Qxe4 Qf6 27. Qe2 Qxf3 28. Re1 Qxe2 29. Raxe2 Rf3 30. Ra1 Rcf8
31. b6 d3 32. Rb2 Be3+ 33. Nxe3 Rxe3 34. Rf2 Rxf2 35. Kxf2 Re2+ 36. Kg1 d2 37. Kf1 Rxh2 38. Rd1 Rh1+ 39. Ke2 Bg4+ 40. Kxd2 Rxd1+
41. Ke3 h2
0-1

[Event "Social Open 2024/1"]
[Site "SchemingMind.com"]
[Date "2024.01.01"]
[Round "-"]
[White "Phillip Beckett"]
[Black "Arnold Jones"]
[Result "0-1"]
[WhiteCountry "ENG"]
[BlackCountry "ENG"]
[WhiteElo "1499"]
[WhiteRD "52"]
[BlackElo "1524"]
[BlackRD "67"]
[GameID "740840"]

1. e4 c5 2. Nf3 Nc6 3. d4 b6 4. dxc5 bxc5 5. Be2 e5 6. O-O Be7 7. Nc3 Nf6 8. Bg5 O-O 9. Bb5 Nxe4 10. Bxe7 Nxe7
11. Nxe4 Rb8 12. Ba4 Qc7 13. c4 Rxb2 14. Bb3 f5 15. Ned2 e4 16. Qc1 Rxb3 17. Nxb3 exf3 18. Qe3 fxg2 19. Kxg2 d6 20. Rfe1 Ng6
21. Qd2 Ne5 22. Qd5+ Kh8 23. Rad1 Bb7
0-1

[Event "Social Open 2024/1"]
[Site "SchemingMind.com"]
[Date "2024.01.02"]
[Round "-"]
[White "Chessibelle"]
[Black "Arnold Jones"]
[Result "0-1"]
[WhiteCountry "ENG"]
[BlackCountry "ENG"]
[WhiteElo "1055"]
[WhiteRD "56"]
[BlackElo "1524"]
[BlackRD "67"]
[GameID "740841"]

1. Nf3 d5 2. d4 Nc6 3. e3 Nf6 4. h3 Bf5 5. a3 Ne4 6. g4 Bg6 7. c3 f6 8. Nbd2 Nd6 9. b4 b5 10. a4 a6
11. Be2 Be4 12. Qb3 Nc4 13. O-O Bxf3 14. Nxf3 e6 15. Nh2 Bd6 16. Nf3 O-O 17. Ne1 Qe7 18. Bd3 f5 19. f3 Qh4 20. e4 Qxh3
21. Rf2 fxg4 22. Bf1 Qh5 23. Rg2 g3 24. Qc2 Rxf3 25. Qe2 dxe4 26. Qxe4 Raf8 27. Be2 Qd5 28. Qh4 Be7 29. Qh3 Rxc3 30. Qxg3 Rxg3
31. Rxg3 Qxd4+ 32. Kh2 Bd6 33. Kh3 Bxg3 34. Kxg3 Qxa1
0-1

[Event "Social Open 2024/1"]
[Site "SchemingMind.com"]
[Date "2024.01.03"]
[Round "-"]
[White "CLewis73"]
[Black "mattkirk78"]
[Result "1/2-1/2"]
[WhiteCountry "ENG"]
[BlackCountry "ENG"]
[WhiteElo "1811"]
[WhiteRD "146"]
[BlackElo "2190"]
[BlackRD "88"]
[GameID "740842"]

1. Nf3 Nf6 2. e3 d5 3. c4 c6 4. b3 Bf5 5. Bb2 Nbd7 6. d4 e6 7. Be2 Bb4+ 8. Nbd2 Ne4 9. O-O Nc3 10. Qe1 O-O
11. a3 Nxe2+ 12. Qxe2 Be7 13. e4 Bg6 14. Rad1 h6 15. Ne5 Nxe5 16. dxe5 Qb6 17. cxd5 cxd5 18. exd5 exd5 19. Qe3 Qxe3 20. fxe3 Bc2
21. Rc1 Rfc8 22. b4 a5 23. bxa5 Rxa5 24. Nb3 Rb5 25. Rf2 Bh4 26. Rfxc2 Rxc2 27. Rxc2 Rxb3 28. Kf1 Bg5 29. Rc8+ Kh7 30. Bd4 Bxe3
31. Bxe3 Rxe3 32. Rc7 Kg6 33. Rxb7 Rxa3 34. Rd7 Ra2 35. Rxd5 Kf5 36. h3 Ke6 37. Rb5 g6 38. Kg1 Re2 39. g3 Rxe5 40. Rb6+ Kf5
41. Kg2 Re3 42. Kf2 Rd3 43. Rb4 f6 44. Kg2 Ke5 45. g4 Rd2+ 46. Kf3 Rd3+ 47. Kg2 Rd4 48. Rb3 Ke4 49. Rb6 Ke5 50. Rb3 h5
51. gxh5 gxh5 52. Kg3 h4+ 53. Kf3 Rc4 54. Rb5+ Ke6 55. Rb8 Kf5 56. Rb5+ Kg6 57. Rd5 Rc8 58. Rd4 Kg5 59. Rg4+ Kh5=
1/2-1/2

[Event "Social Open 2024/1"]
[Site "SchemingMind.com"]
[Date "2024.01.03"]
[Round "-"]
[White "MazetaFighter"]
[Black "mattkirk78"]
[Result "0-1"]
[WhiteCountry "GRE"]
[BlackCountry "ENG"]
[WhiteElo "2147"]
[WhiteRD "76"]
[BlackElo "2237"]
[BlackRD "84"]
[GameID "740843"]

1. d4 d5 2. c4 e6 3. Nc3 Nf6 4. Bg5 Be7 5. e3 h6 6. Bh4 c6 7. Qc2 Nbd7 8. cxd5 exd5 9. Bd3 O-O 10. Nge2 Re8
11. O-O Bd6 12. Bg3 Bxg3 13. Nxg3 Nb6 14. Rad1 Bd7 15. e4 dxe4 16. Ncxe4 Bg4 17. Nxf6+ Qxf6 18. Be2 Bxe2 19. Nxe2 Rad8 20. Rfe1 Re7
21. Rf1 g6 22. Rd2 Nd5 23. Nc3 Nf4 24. Rfd1 Rde8 25. h3 Qg5
0-1

[Event "Social Open 2024/1"]
[Site "SchemingMind.com"]
[Date "2024.01.03"]
[Round "-"]
[White "mattkirk78"]
[Black "Phillip Beckett"]
[Result "1-0"]
[WhiteCountry "ENG"]
[BlackCountry "ENG"]
[WhiteElo "2234"]
[WhiteRD "89"]
[BlackElo "1499"]
[BlackRD "52"]
[GameID "740844"]

1. e4 e5 2. Nf3 Nc6 3. Bb5 a6 4. Ba4 Nf6 5. O-O Be7 6. Qe2 b5 7. Bb3 O-O 8. c3 d5 9. d3 dxe4 10. dxe4 Bd6
11. Rd1 Qe7 12. Nbd2 Na5 13. Bc2 c5 14. Nf1 Bb7 15. Ng3 c4 16. Nf5 Qe6 17. Rxd6 Qc8 18. Ne7+
1-0

[Event "Social Open 2024/1"]
[Site "SchemingMind.com"]
[Date "2024.01.03"]
[Round "-"]
[White "mattkirk78"]
[Black "Chessibelle"]
[Result "1-0"]
[WhiteCountry "ENG"]
[BlackCountry "ENG"]
[WhiteElo "2234"]
[WhiteRD "89"]
[BlackElo "1055"]
[BlackRD "56"]
[GameID "740845"]

1. e4 e5 2. Bc4 Nf6 3. Nc3 a6 4. Nf3 d6 5. Ng5 Qd7 6. Bxf7+ Ke7 7. Be6 Qd8 8. Nd5+ Nxd5 9. exd5 c6 10. Nf7 Qb6
11. Nxh8 Bxe6 12. dxe6 Kxe6 13. Qf3 Be7 14. Qh3+ Kd5 15. c4+ Kc5 16. Qe3+ Kb4 17. Qxb6+ Kxc4 18. Qxb7 Bf6 19. Qxa8 Nd7 20. Qxc6+ Kd4
21. Qxd6+ Ke4 22. d3+ Kf5 23. Qxd7#
1-0

[Event "Social Open 2024/1"]
[Site "SchemingMind.com"]
[Date "2024.01.03"]
[Round "-"]
[White "Arnold Jones"]
[Black "mattkirk78"]
[Result "0-1"]
[WhiteCountry "ENG"]
[BlackCountry "ENG"]
[WhiteElo "1535"]
[WhiteRD "68"]
[BlackElo "2237"]
[BlackRD "84"]
[GameID "740846"]

1. d4 d5 2. Nf3 Nf6 3. g3 c6 4. Bg2 Bg4 5. b3 Nbd7 6. Nbd2 e6 7. Bb2 Be7 8. O-O O-O 9. c3 h6 10. Re1 Bf5
11. Nh4 Bh7 12. e4 Nxe4 13. Bxe4 dxe4 14. Ng2 Nf6 15. Ne3 Qc7 16. a3 e5 17. Nc2 Rad8 18. Nc4 Nd7 19. Qe2 f5 20. Qh5 b5
21. Nxe5 Nxe5 22. dxe5 Rd2 23. Nd4 Rxb2 24. Ne6 Qxe5 25. Nxf8 Kxf8 26. Qd1 Bc5 27. Rf1 e3 28. Qd8+ Kf7 29. Qd7+ Kg8 30. Kg2 Qe4+
31. Kh3 Qg4+ 32. Kg2 Qe4+ 33. Kh3 f4 34. Kh4 Bf5 35. Qc7 Be7+ 36. Kh5 Qf3+
0-1

[Event "Social Open 2024/1"]
[Site "SchemingMind.com"]
[Date "2024.01.02"]
[Round "-"]
[White "CLewis73"]
[Black "eliecercruzr"]
[Result "0-1"]
[WhiteCountry "ENG"]
[BlackCountry "CUB"]
[WhiteElo "1762"]
[WhiteRD "141"]
[BlackElo "2292"]
[BlackRD "59"]
[GameID "740847"]

1. Nf3 d5 2. e3 Nf6 3. c4 e6 4. b3 Be7 5. Bb2 O-O 6. Be2 c5 7. O-O b6 8. d4 dxc4 9. bxc4 Bb7 10. Nc3 cxd4
11. exd4 Nc6 12. Qd2 Rc8 13. Rfd1 Na5 14. Ne5 Nd7 15. Rac1 Nxe5 16. dxe5 Qxd2 17. Rxd2 Bg5
0-1

[Event "Social Open 2024/1"]
[Site "SchemingMind.com"]
[Date "2024.01.02"]
[Round "-"]
[White "Derek Price"]
[Black "eliecercruzr"]
[Result "1/2-1/2"]
[WhiteCountry "ENG"]
[BlackCountry "CUB"]
[WhiteElo "2345"]
[WhiteRD "69"]
[BlackElo "2309"]
[BlackRD "60"]
[GameID "740848"]

1. c4 c5 2. Nf3 Nf6 3. Nc3 Nc6 4. g3 e6 5. Bg2 Qb6 6. O-O Be7 7. b3 O-O 8. e3 d5 9. cxd5 exd5 10. d4 cxd4
11. exd4 Be6 12. Re1 Bb4 13. Na4 Qc7 14. Bd2 Bd6 15. a3 Rfe8 16. b4 Bg4 17. Be3 h6 18. h3 Bh5 19. Rc1 a6 20. Qd2 Bg6
21. Nc5 Rad8 22. Qb2 Rc8 23. a4 Qb6 24. b5 Rc7 25. Bf1 Rcc8 26. Re2 axb5 27. Qxb5 Bxc5 28. Rxc5 Qxb5 29. axb5 Ne7 30. Bf4 Ne4
31. Rxc8 Rxc8 32. Ra2 Rc3 33. Ra8+ Kh7 34. Nh4 Nf5 35. Nxf5 Bxf5 36. Rb8= g5 37. Be5 f6 38. Rxb7+ Kg6 39. Rb6 Kf7 40. Rb7+ Ke6=
1/2-1/2